000 00618nam a2200229 a 4500
001 BRCA_3843
005 20190320204439.0
008 161209s1887----u--#######---#000-0#eng-#
041 _aeng
044 _au
050 4 _aF1215
_b.L48 1887
100 1 _aLee, S. M.
_910008
245 1 0 _aGlimpses of Mexico and California
_cby S. M. Lee.
260 _aBoston
_bEllis
_c1887
300 _a124 p.
_c18 cm.
500 _aB188
650 1 4 _aViajeros estadounidenses
_97583
651 4 _aMéxico
_vDescripción y viajes.
_910009
651 4 _aCalifornia
_vDescripción y viajes.
_910010
902 _aGFM
942 _2lcc
_cB
999 _c3571
_d3571